| 000 | 00869nas a2200289 4500 | ||
|---|---|---|---|
| 001 | BR0601621 | ||
| 003 | BR-BrBNA | ||
| 005 | 20231205105936.0 | ||
| 007 | ta | ||
| 008 | 230509b bl.|||p| |||| 00| 00por d | ||
| 040 |
_aBR-BrBNA _bpor _cBiblioteca Nacional de Agricultura |
||
| 041 | _a(Pt) | ||
| 072 | _aL73; L70 | ||
| 100 | 1 | _aAlves, L.M. | |
| 100 | 1 | _aLinhares, G.F.C. | |
| 100 | 1 | _aChaves, N.S.T. | |
| 100 | 1 | _aMonteiro, L.C. | |
| 100 | 1 | _aLinhares, D.C.L. | |
| 245 | 1 | _aAvaliação de iniciadores e protocolo para o diagnóstico da pancitopenia tropical canina por PCR | |
| 650 | _aCÃO | ||
| 650 | _aERLIQUIOSE | ||
| 650 | _aDIAGNÓSTICO | ||
| 650 | _aBACTÉRIA | ||
| 773 | 0 |
_tCiência Animal Brasileira (Brazil) _xISSN 1518-2797 _g(Jan-Mar 2005), v. 6(1) p. 49-54 _wBR0601621 |
|
| 909 |
_a202311 _bLúcia _c55 _dLúcia Elande |
||
| 942 |
_2AGRIS _n0 _cANA |
||
| 999 |
_c185464 _d185464 |
||